คำแปลและตัวบทอนุสัญญาขององค์การแรงงานระหว่างประเทศ ซึ่งประเทศไทยได้ให้สัตยาบัน (ระหว่าง พ.ศ. 2511 - พ.ศ. 2544) / (ระเบียนเลขที่ 44710)
| 000 -LEADER | |
|---|---|
| fixed length control field | 01723nam a22002777a 4500 |
| 003 - CONTROL NUMBER IDENTIFIER | |
| control field | NALT |
| 005 - DATE AND TIME OF LATEST TRANSACTION | |
| control field | 20251125232949.0 |
| 008 - FIXED-LENGTH DATA ELEMENTS--GENERAL INFORMATION | |
| fixed length control field | s2544 th thaeng |
| 040 ## - CATALOGING SOURCE | |
| Original cataloging agency | NALT |
| 041 ## - LANGUAGE CODE | |
| Language code of text/sound track or separate title | thaeng |
| 090 ## - LOCALLY ASSIGNED LC-TYPE CALL NUMBER (OCLC); LOCAL CALL NUMBER (RLIN) | |
| Classification number (OCLC) (R) ; Classification number, CALL (RLIN) (NR) | KF53.5 |
| Local cutter number (OCLC) ; Book number/undivided call number, CALL (RLIN) | ร914ค 2544 |
| 110 0# - MAIN ENTRY--CORPORATE NAME | |
| Corporate name or jurisdiction name as entry element | กระทรวงแรงงานและสวัสดิการสังคม |
| 245 10 - TITLE STATEMENT | |
| Title | คำแปลและตัวบทอนุสัญญาขององค์การแรงงานระหว่างประเทศ ซึ่งประเทศไทยได้ให้สัตยาบัน (ระหว่าง พ.ศ. 2511 - พ.ศ. 2544) / |
| Statement of responsibility, etc. | กระทรวงแรงงานและสวัสดิการสังคม. |
| 260 ## - PUBLICATION, DISTRIBUTION, ETC. | |
| Place of publication, distribution, etc. | กรุงเทพฯ : |
| Name of publisher, distributor, etc. | สำนักงานปลัดกระทรวงแรงงานและสวัสดิการสังคม, |
| Date of publication, distribution, etc. | 2544 |
| 300 ## - PHYSICAL DESCRIPTION | |
| Extent | 93 หน้า ; |
| Other physical details | 30 ซม. |
| 610 ## - SUBJECT ADDED ENTRY--CORPORATE NAME | |
| Corporate name or jurisdiction name as entry element | กระทรวงแรงงานและสวัสดิการสังคม |
| 650 04 - SUBJECT ADDED ENTRY--TOPICAL TERM | |
| Topical term or geographic name entry element | ILO -- Conventions |
| 650 04 - SUBJECT ADDED ENTRY--TOPICAL TERM | |
| Topical term or geographic name entry element | Labour -- Conventions |
| 650 04 - SUBJECT ADDED ENTRY--TOPICAL TERM | |
| Topical term or geographic name entry element | องค์การแรงงานระหว่างประเทศ -- อนุสัญญา |
| 650 04 - SUBJECT ADDED ENTRY--TOPICAL TERM | |
| Topical term or geographic name entry element | แรงงาน -- อนุสัญญา |
| 650 04 - SUBJECT ADDED ENTRY--TOPICAL TERM | |
| Topical term or geographic name entry element | แรงงาน -- อนุสัญญาองค์การแรงงานระหว่างประเทศ -- อนุสัญญาLabour -- ConventionsILO -- Conventions |
| 850 ## - HOLDING INSTITUTION | |
| Holding institution | NALT |
| 856 40 - ELECTRONIC LOCATION AND ACCESS | |
| Uniform Resource Identifier | <a href="https://hdl.handle.net/20.500.14156/301195">https://hdl.handle.net/20.500.14156/301195</a> |
| 942 ## - ADDED ENTRY ELEMENTS (KOHA) | |
| Koha item type | Law Book |
| Source of classification or shelving scheme | Library of Congress Classification |
| 998 ## - STAFF NAME (NALT) | |
| -- | 109 |
| -- | อารีรัตน์ วิชาช่าง |
| Withdrawn status | Lost status | Damaged status | Not for loan | Collection code | Home library | Current library | Total Checkouts | Full call number | Barcode | Date last seen | Price effective from | Koha item type |
|---|---|---|---|---|---|---|---|---|---|---|---|---|
| Law Book collection | National Assembly Library of Thailand | National Assembly Library of Thailand | KF 53.5 ร914ค 2544 | 3961155136 | 09/06/2017 | 09/06/2017 | Law Book |
